Biblioteki Polonii Amerykańskiej
Biblioteka Instytutu Józefa Piłsudskiego w Ameryce
Library of the Józef Piłsudski Institute of America
Biblioteka imienia Alfreda Jurzykowskiego Polskiego Instytutu Naukowego w Ameryce
The Alfred Jurzykowski Memorial Library of the Polish Institute of Arts & Sciences of America
Biblioteka Marjanczyków Polskiej Fundacji Kulturalnej
The Marjanczyk Library of the Polish Cultural Foundation

Biblioteka Fundacji Kościuszkowskiej
Library of the Kosciuszko Foundation

Dziennik lotnika Dywizjonu 301 / (Record no. 91124)

MARC details
000 -LEADER
fixed length control field 01646nam a2200481 i 4500
001 - CONTROL NUMBER
control field 991033602709705066
003 - CONTROL NUMBER IDENTIFIER
control field NyNyJPI
005 - DATE AND TIME OF LATEST TRANSACTION
control field 20260420162435.0
008 - FIXED-LENGTH DATA ELEMENTS--GENERAL INFORMATION
fixed length control field 070327s1972 pl a |000 0 pol
009 - PHYSICAL DESCRIPTION FIXED-FIELD FOR ARCHIVAL COLLECTION (VM) [OBSOLETE]
fixed length control field b0000001899555
015 ## - NATIONAL BIBLIOGRAPHY NUMBER
National bibliography number UWD 1973/4708
035 ## - SYSTEM CONTROL NUMBER
System control number 991033602709705066
035 ## - SYSTEM CONTROL NUMBER
System control number (PL-WaBN)b1899555x-48omnis_nlop
035 ## - SYSTEM CONTROL NUMBER
System control number b1899555x
035 ## - SYSTEM CONTROL NUMBER
System control number (OCoLC)751195184
035 ## - SYSTEM CONTROL NUMBER
System control number xx001869810
035 ## - SYSTEM CONTROL NUMBER
System control number (PL)b0000001899555
035 ## - SYSTEM CONTROL NUMBER
System control number (EXLNZ-48OMNIS_NETWORK)9910417437605606
040 ## - CATALOGING SOURCE
Original cataloging agency WA N
Transcribing agency WA N
Modifying agency WR O
-- WA N
041 ## - LANGUAGE CODE
Language code of text/sound track or separate title pol
080 ## - UNIVERSAL DECIMAL CLASSIFICATION NUMBER
Universal Decimal Classification number 94(438).082.3:358.4:929-051A/Z
100 1# - MAIN ENTRY--PERSONAL NAME
Personal name Jaroszyk, Witold
Dates associated with a name (1920-1942)
245 10 - TITLE STATEMENT
Title Dziennik lotnika Dywizjonu 301 /
Statement of responsibility, etc. Witold Jaroszyk ; wstęp i przypisy: Władysław Chojnacki.
260 ## - PUBLICATION, DISTRIBUTION, ETC.
Place of publication, distribution, etc. Olsztyn :
Name of publisher, distributor, etc. "Pojezierze",
Date of publication, distribution, etc. 1972.
300 ## - PHYSICAL DESCRIPTION
Extent 66, [1] s., [8] k. tabl. :
Other physical details il. ;
Dimensions 17 cm.
336 ## - CONTENT TYPE
Content type term Tekst
Content type code txt
Source rdacontent
337 ## - MEDIA TYPE
Media type term Bez urządzenia pośredniczącego
Media type code n
Source rdamedia
338 ## - CARRIER TYPE
Carrier type term Wolumin
Carrier type code nc
Source rdacarrier
380 ## - FORM OF WORK
Form of work Książki
600 1# - SUBJECT ADDED ENTRY--PERSONAL NAME
Personal name Jaroszyk, Witold
Dates associated with a name (1920-1942)
Form subdivision pamiętniki.
610 27 - SUBJECT ADDED ENTRY--CORPORATE NAME
Corporate name or jurisdiction name as entry element 301 Dywizjon Bombowy Ziemi Pomorskiej im. Obrońców Warszawy (Polskie Siły Zbrojne na Zachodzie)
Source of heading or term DBN
648 #7 - SUBJECT ADDED ENTRY--CHRONOLOGICAL TERM
Chronological term 1901-2000
Source of heading or term DBN
648 #7 - SUBJECT ADDED ENTRY--CHRONOLOGICAL TERM
Chronological term 1939-1945
Source of heading or term DBN
650 #7 - SUBJECT ADDED ENTRY--TOPICAL TERM
Topical term or geographic name entry element Wojna lotnicza
Source of heading or term DBN
650 #7 - SUBJECT ADDED ENTRY--TOPICAL TERM
Topical term or geographic name entry element Lotnictwo wojskowe
Source of heading or term DBN
651 #7 - SUBJECT ADDED ENTRY--GEOGRAPHIC NAME
Geographic name Polska
Source of heading or term DBN
655 #7 - INDEX TERM--GENRE/FORM
Genre/form data or focus term Pamiętniki polskie
Chronological subdivision 1939-1945 r.
Source of term DBN
658 ## - INDEX TERM--CURRICULUM OBJECTIVE
Main curriculum objective Historia
658 ## - INDEX TERM--CURRICULUM OBJECTIVE
Main curriculum objective Bezpieczeństwo i wojskowość
700 1# - ADDED ENTRY--PERSONAL NAME
Personal name Chojnacki, Władysław
Dates associated with a name (1920-1991)
Relator term Wstęp
710 2# - ADDED ENTRY--CORPORATE NAME
Corporate name or jurisdiction name as entry element Wydawnictwo "Pojezierze"
Relationship pbl
942 ## - ADDED ENTRY ELEMENTS (KOHA)
Source of classification or shelving scheme Other/Generic Classification Scheme
Koha item type Books
Suppress in OPAC No
Holdings
Withdrawn status Lost status Source of classification or shelving scheme Damaged status Not for loan Home library Current library Date acquired Total checkouts Full call number Date last seen Price effective from Koha item type
    Other/Generic Classification Scheme   Not for loan Józef Piłsudski Institute Józef Piłsudski Institute 04/20/2026   K 1862 04/20/2026 04/20/2026 Books